Úvaha o možnosti uplatniť v daňovej sústave dane z energie

Využitie finančno-ekonomických nástrojov na ochranu životného prostredia. Snaha o zavedenie environmentálnych daní, ktoré by mali zaťažovať aktivity zapríčiňujúce poškodzovanie životného prostredia. Zdaňovanie energie. Najvýznamnejšie prvky konštrukcie dane z energie (základ dane, stupeň zdaňovania,...

Ausführliche Beschreibung

Gespeichert in:
Bibliographische Detailangaben
1. Verfasser: Romančíková, Eva
Format: Buchkapitel
Sprache:Slowakisch
Schlagworte:
Tags: Tag hinzufügen
Keine Tags, Fügen Sie das erste Tag hinzu!

MARC

LEADER 00000naa$a2200000$$$4500
001 0086743
005 20220606101357.1
041 0 |a slo 
044 |a SK 
245 1 0 |a Úvaha o možnosti uplatniť v daňovej sústave dane z energie  |c Eva Romančíková 
520 |a Využitie finančno-ekonomických nástrojov na ochranu životného prostredia. Snaha o zavedenie environmentálnych daní, ktoré by mali zaťažovať aktivity zapríčiňujúce poškodzovanie životného prostredia. Zdaňovanie energie. Najvýznamnejšie prvky konštrukcie dane z energie (základ dane, stupeň zdaňovania, štruktúra a výška daňových sadzieb, dynamizácia daňových sadzieb, výnimky, kompenzačné opatrenia). 
610 2 0 |a ochrana prostredia životného 
610 2 0 |a dane ekologické 
610 2 0 |a dane 
610 2 0 |a energia 
610 2 0 |a Slovensko 
100 1 |a Romančíková, Eva